| 000 | 01257nam a22003497a 4500 | ||
|---|---|---|---|
| 003 | CHAP | ||
| 005 | 20220329133503.0 | ||
| 008 | 971013s1992 r 00010 d | ||
| 010 | _a6939 | ||
| 011 | _a7911 | ||
| 035 | _a7136 | ||
| 040 | _cCHAP | ||
| 082 |
_a338.9081 _bH6 |
||
| 100 | 0 | 0 |
_aHowe, Gary. _956494 |
| 245 |
_aStrategies for the alleviation of rural poverty in Latin America and the Caribbean _b: smallholders and structural change in the brazilian economy : opportunities in rural poverty alleviation |
||
| 260 |
_aSan José, C.R. : _bIFAD, _c1992 |
||
| 300 | _a224 p | ||
| 490 |
_aIFAD/IICA series _v; 3 |
||
| 590 |
_aBATCH-UPD _b10 _c20130110 _lUCH01 _h1512 |
||
| 590 |
_aBATCH-UPD _b10 _c20130410 _lUCH01 _h0928 |
||
| 590 |
_aBATCH-UPD _b10 _c20130914 _lUCH01 _h0748 |
||
| 590 |
_aCONVERSION _b10 _c20130109 _lUCH01 _h1305 |
||
| 650 | 1 | 4 |
_aBrasil _xCondiciones económicas. _915057 |
| 650 | 1 | 4 |
_aPobreza. _989463 |
| 650 | 1 | 4 |
_aPolítica económica _xBrasil. _990496 |
| 700 | 0 |
_aGoodman, David. _949576 |
|
| 830 | 0 |
_aIFAD/IICA series _v; 3 _957327 |
|
| 901 | _aBK | ||
| 942 | _cLIBRO | ||
| 949 |
_a338.9081 H6 _bBC _cLIBRO _d33724000109765 _eLIBRO _h84251 _i7136 _mD _si |
||
| 949 |
_a338.9081 H6 _bBC _cLIBRO _d33724000109773 _eLIBRO _fc.2 _h87245 _i7136 _si |
||
| 999 |
_c6939 _d6939 |
||